000 00778nam a2200241 a 4500
005 20250307063816.0
008 991125s1987 bar 000 0 spa u
020 _a847509452X
035 _aUPN01000020273
049 _aCG
050 4 _aBF441
_bN5.38
100 1 _aNickerson, Raymond S.
245 1 0 _aEnseñar a pensar :
_baspectos de la aptitud intelectual /
_cRaymond S. Nickerson, David N. Perkins, Edward E. Smith : tr. Luis Romano.
260 _aBarcelona, Esp. :
_bPaidós,
_c1987.
300 _a432 p.
440 0 _aTemas de educación ;
_v5
650 4 _aCognición
_96446
650 4 _aINTELIGENCIA -
_xESTUDIO Y ENSEÑANZA
_9941
650 4 _aPensamiento
_95399
700 1 _aPerkins, David N.,
_ecoaut.
700 1 _aSmith, Edward E.,
_ecoaut.
905 _aLibro
999 _c20273
_d20273